[Event "Gualeguaychu Baggio Cup"]
[Site "Gualeguaychu"]
[Date "2019.11.10"]
[Round "5"]
[White "Manevy, Jorge"]
[Black "Cicognini, Jose"]
[Result "0-1"]
[WhiteElo "1499"]
[BlackElo "1749"]
[PlyCount "90"]
[EventDate "2019.11.08"]
[EventType "swiss"]
[EventRounds "6"]
[EventCountry "ARG"]
[SourceTitle "EXT 2021"]
[Source "ChessBase"]
[SourceDate "2020.10.23"]
[SourceVersion "1"]
[SourceVersionDate "2020.10.23"]
[SourceQuality "1"]

1. e4 c5 2. Nf3 Nf6 3. d4 cxd4 4. Nxd4 Nc6 5. Nc3 g6 6. Bc4 Ne5 7. Bb3 Bg7 8. f3 0-0 9. Be3 d6 10. Qd2 Bd7 11. 0-0-0 Rc8 12. g4 Nc4 13. Bxc4 Rxc4 14. h4 Qa5 15. Kb1 Rfc8 16. Nd5 Qd8 17. Nxf6+ Bxf6 18. c3 b5 19. h5 b4 20. cxb4 Qb6 21. hxg6 fxg6 22. a3 Qb7 23. Qh2 h5 24. gxh5 g5 25. Qg2 g4 26. f4 e5 27. fxe5 dxe5 28. Nb3 Bf5 29. Nd2 Rxe4 30. Ka1 Rxb4 31. Qxb7 Rxb7 32. Rhf1 Bc2 33. Rc1 Kg7 34. Ne4 Bxe4 35. Rxc8 Bf3 36. Bd2 e4 37. Bc3 Bxc3 38. Rxc3 Kh6 39. Rc5 e3 40. Re5 e2 41. Rg1 Rd7 42. Rc5 Rd1+ 43. Rc1 Kxh5 44. Kb1 g3 45. Kc2 Kg4 0-1

[Event "Gualeguaychu Baggio Cup"]
[Site "Gualeguaychu"]
[Date "2019.11.10"]
[Round "6"]
[White "Sobrero, Jose Luis"]
[Black "Cicognini, Jose"]
[Result "0-1"]
[WhiteElo "1835"]
[BlackElo "1749"]
[PlyCount "109"]
[EventDate "2019.11.08"]
[EventType "swiss"]
[EventRounds "6"]
[EventCountry "ARG"]
[SourceTitle "EXT 2021"]
[Source "ChessBase"]
[SourceDate "2020.10.23"]
[SourceVersion "1"]
[SourceVersionDate "2020.10.23"]
[SourceQuality "1"]

1. e4 e5 2. Bc4 Be7 3. f4 d6 4. fxe5 dxe5 5. Qh5 g6 6. Qxe5 f6 7. Qb5+ Nc6 8. d3 h5 9. Nf3 Qd6 10. 0-0 Qc5+ 11. Kh1 Qxb5 12. Bxb5 Bd7 13. a3 Nh6 14. d4 g5 15. d5 Ne5 16. Bxd7+ Nxd7 17. Be3 0-0-0 18. b4 Kb8 19. Nbd2 Ng4 20. Bg1 h4 21. Nd4 Bd6 22. Rae1 Bf4 23. N2b3 Rde8 24. Ne6 Be5 25. Nbd4 Nb6 26. Rf3 a6 27. Rb1 Nc4 28. Rd3 Nd6 29. Re1 Nc4 30. Rc3 Nb6 31. Nc5 Nxh2 32. a4 Ng4 33. a5 Bxd4 34. Bxd4 Nxd5 35. Rb3 c6 36. Rf1 Nf4 37. Nd7+ Kc8 38. Nxf6 Nxf6 39. Bxf6 Rhg8 40. e5 Ne2 41. Rd1 Ng3+ 42. Kg1 Re6 43. Rbd3 Ne4 44. Rd8+ Rxd8 45. Rxd8+ Kc7 46. Rf8 Nxf6 47. exf6 Re1+ 48. Kf2 Re4 49. Rf7+ Kc8 50. c3 g4 51. g3 h3 52. Rh7 Re5 53. f7 Rf5+ 54. Kg1 Kd8 55. Rg7 0-1

[Event "ARG-ch sf Cup"]
[Site "Villaguay/Entre Rios"]
[Date "2018.12.16"]
[Round "5.6"]
[White "Landivar, Matias"]
[Black "Cicognini, Jose"]
[Result "1/2-1/2"]
[WhiteElo "2098"]
[BlackElo "1776"]
[PlyCount "102"]
[EventDate "2018.12.14"]
[EventType "swiss"]
[EventRounds "6"]
[EventCountry "ARG"]
[SourceTitle "EXT 2024"]
[Source "ChessBase"]
[SourceDate "2023.10.10"]
[SourceVersion "1"]
[SourceVersionDate "2023.10.10"]
[SourceQuality "1"]

1. c4 e5 2. Nc3 Nf6 3. g3 c5 4. Bg2 Nc6 5. d3 Be7 6. e3 0-0 7. Nge2 d6 8. 0-0 h6 9. a3 Bf5 10. Rb1 a5 11. b3 Qd7 12. Nd5 Bd8 13. Re1 Bg4 14. Qd2 Nxd5 15. Bxd5 Be6 16. Bg2 d5 17. Nc3 d4 18. Nd5 Ne7 19. e4 Ng6 20. Qd1 Rb8 21. Bd2 b5 22. Rf1 bxc4 23. bxc4 Rxb1 24. Qxb1 Bxd5 25. cxd5 Qa7 26. Qb5 a4 27. Rb1 Bc7 28. Qb7 Ra8 29. Bh3 Ne7 30. Rb5 Bd6 31. Bd7 c4 32. dxc4 Bxa3 33. Rb1 Bc5 34. Qxa7 Rxa7 35. Bb5 a3 36. Ra1 Nc8 37. Kf1 Nd6 38. f3 f5 39. exf5 Nxf5 40. Ra2 Kf7 41. Ke2 Nd6 42. Kd3 Nxb5 43. cxb5 Ra4 44. Bc1 Ke7 45. f4 Kd6 46. Ke4 d3+ 47. Kxd3 exf4 48. Bxf4+ Kxd5 49. Bc7 Rd4+ 50. Kc3 Rc4+ 51. Kb3 Rb4+ 1/2-1/2

[Event "ARG-ch sf Cup"]
[Site "Villaguay/Entre Rios"]
[Date "2018.12.15"]
[Round "4.8"]
[White "Cicognini, Jose"]
[Black "Terre, Marcelo"]
[Result "1/2-1/2"]
[WhiteElo "1776"]
[BlackElo "1894"]
[PlyCount "85"]
[EventDate "2018.12.14"]
[EventType "swiss"]
[EventRounds "6"]
[EventCountry "ARG"]
[SourceTitle "EXT 2024"]
[Source "ChessBase"]
[SourceDate "2023.10.10"]
[SourceVersion "1"]
[SourceVersionDate "2023.10.10"]
[SourceQuality "1"]

1. d4 Nf6 2. Nf3 e6 3. Bf4 c5 4. e3 Qb6 5. Qc1 Nh5 6. Bg3 Nxg3 7. hxg3 Nc6 8. c3 d5 9. Bd3 h6 10. Nbd2 Be7 11. Rb1 cxd4 12. exd4 Qc7 13. 0-0 0-0 14. Re1 Bd6 15. Nf1 e5 16. dxe5 Nxe5 17. Nxe5 Bxe5 18. Qd2 Be6 19. Rbc1 Bf6 20. Bb1 Qb6 21. Ne3 Rfd8 22. Rcd1 d4 23. cxd4 Rxd4 24. Qe2 Rxd1 25. Nxd1 Rd8 26. b3 Qb4 27. Ne3 Rd2 28. Qf1 Bd4 29. Re2 Qc3 30. Nc2 Bc5 31. Rxd2 Qxd2 32. Qe1 Qg5 33. Kh2 Qh5+ 34. Kg1 Qg4 35. Kh2 Qh5+ 36. Kg1 Qg5 37. Kh2 h5 38. f4 Qd5 39. Ne3 Qd4 40. Nf5 Qf6 41. Nh4 Qd4 42. Nf3 Qf2 43. Qe4 1/2-1/2

[Event "Entre Rios Region-ch"]
[Site "Chajari"]
[Date "2018.10.27"]
[Round "3.7"]
[White "Caceres, Juan Ramon"]
[Black "Cicognini, Jose"]
[Result "0-1"]
[WhiteElo "1278"]
[BlackElo "1776"]
[PlyCount "40"]
[EventDate "2018.10.26"]
[EventType "swiss"]
[EventRounds "6"]
[EventCountry "ARG"]
[SourceTitle "EXT 2024"]
[Source "ChessBase"]
[SourceDate "2023.10.10"]
[SourceVersion "1"]
[SourceVersionDate "2023.10.10"]
[SourceQuality "1"]

1. e4 c5 2. Nf3 Nc6 3. Bc4 e6 4. a3 Be7 5. d4 cxd4 6. Nxd4 Nf6 7. Nc3 0-0 8. Nxc6 bxc6 9. Bb3 Ba6 10. Bf4 d5 11. exd5 exd5 12. Qf3 Qa5 13. 0-0-0 Rad8 14. Rde1 Bxa3 15. bxa3 Qxa3+ 16. Kd2 Ne4+ 17. Kd1 Qa1+ 18. Bc1 Nxc3+ 19. Kd2 Nb1+ 20. Ke3 Qe5+ 0-1

[Event "Concordia IRT U2200"]
[Site "Concordia"]
[Date "2018.04.29"]
[Round "3"]
[White "Cicognini, Jose"]
[Black "Bidegain, Jose"]
[Result "1-0"]
[WhiteElo "1813"]
[BlackElo "1532"]
[PlyCount "51"]
[EventDate "2018.04.29"]
[EventType "swiss"]
[EventRounds "5"]
[EventCountry "ARG"]
[SourceTitle "EXT 2024"]
[Source "ChessBase"]
[SourceDate "2023.10.10"]
[SourceVersion "1"]
[SourceVersionDate "2023.10.10"]
[SourceQuality "1"]

1. d4 d5 2. Nf3 Nf6 3. Bf4 Bg4 4. e3 e6 5. c3 Nbd7 6. Bd3 Ne4 7. Qb3 Ndf6 8. Qxb7 Rb8 9. Qc6+ Qd7 10. Qxd7+ Kxd7 11. Ne5+ Ke8 12. f3 Rxb2 13. Nxg4 Nxg4 14. Bxe4 Nxe3 15. Bxe3 dxe4 16. fxe4 Rxg2 17. Nd2 Be7 18. Rb1 Kd7 19. Kf1 Rg6 20. Nc4 Rf6+ 21. Ke2 h6 22. Ne5+ Kd6 23. Rb7 Ra8 24. c4 Bd8 25. c5+ Ke7 26. Rhb1 1-0

[Event "Villaguay Entre Rios Cup"]
[Site "Villaguay"]
[Date "2017.12.15"]
[Round "1"]
[White "Cicognini, Jose"]
[Black "Lopez Ortiz, Juan"]
[Result "0-1"]
[WhiteElo "1792"]
[BlackElo "2204"]
[PlyCount "80"]
[EventDate "2017.12.15"]
[EventType "swiss"]
[EventRounds "6"]
[EventCountry "ARG"]
[SourceTitle "CBM 182 Extra"]
[Source "ChessBase"]
[SourceDate "2018.02.23"]
[SourceVersion "1"]
[SourceVersionDate "2018.02.23"]
[SourceQuality "1"]

1. d4 f5 2. g4 fxg4 3. e4 d5 4. e5 Bf5 5. h3 g3 6. fxg3 e6 7. c3 c5 8. Nf3 Nc6 9. Qa4 Qb6 10. Nbd2 0-0-0 11. Bb5 Nge7 12. dxc5 Qc7 13. 0-0 Bxh3 14. Re1 a6 15. Bf1 Bxf1 16. Nxf1 Ng6 17. b4 Ncxe5 18. Nd4 Qd7 19. Qc2 Be7 20. a4 Rdf8 21. Nh2 Rf7 22. Ba3 Nc4 23. Rxe6 Bf6 24. Qe2 Re7 25. Rxe7 Qxe7 26. Qxe7 Nxe7 27. Bc1 Re8 28. Nhf3 Nc6 29. Bf4 Re4 30. Rd1 Nb2 31. Rd2 Nxa4 32. b5 Nxd4 33. Nxd4 Nxc3 34. Nf5 Bd4+ 35. Nxd4 Rxd4 36. bxa6 bxa6 37. Rb2 Nb5 38. Be5 Rd1+ 39. Kf2 g6 40. Ke2 Rc1 0-1

[Event "Gualeguaychu Cup Baggio U2200"]
[Site "Gualeguaychu"]
[Date "2017.12.03"]
[Round "4.5"]
[White "Cicognini, Jose"]
[Black "Iregui, Victor"]
[Result "1-0"]
[WhiteElo "1792"]
[BlackElo "1890"]
[PlyCount "75"]
[EventDate "2017.12.02"]
[EventType "swiss"]
[EventRounds "5"]
[EventCountry "ARG"]
[SourceTitle "EXT 2024"]
[Source "ChessBase"]
[SourceDate "2023.10.10"]
[SourceVersion "1"]
[SourceVersionDate "2023.10.10"]
[SourceQuality "1"]

1. d4 f5 2. g4 fxg4 3. e4 d5 4. e5 Bf5 5. h3 g3 6. fxg3 Nc6 7. c3 e6 8. Nf3 Nge7 9. Bg5 Qd7 10. Bb5 a6 11. Qa4 h6 12. Be3 Be4 13. Nbd2 Bh7 14. g4 g5 15. Nb3 Ng6 16. 0-0 Be7 17. Bxc6 bxc6 18. Na5 Rb8 19. b4 Rb6 20. Nb3 0-0 21. Nc5 Qc8 22. Rf2 Nf4 23. Bxf4 Rxf4 24. Qd1 Bxc5 25. dxc5 Rb8 26. Nd4 Rxf2 27. Kxf2 Qd7 28. Qe2 Qf7+ 29. Qf3 Qg6 30. Qe3 Rf8+ 31. Kg1 Qf7 32. Re1 Be4 33. a4 Qg7 34. Nxe6 Qxe5 35. Nxf8 Kxf8 36. Rf1+ Ke7 37. Qf2 Qg7 38. Qd4 1-0

[Event "Federacion op 1st"]
[Site "Federacion"]
[Date "2017.11.11"]
[Round "4"]
[White "Perez, Federico Agustin"]
[Black "Cicognini, Jose"]
[Result "0-1"]
[WhiteElo "1548"]
[BlackElo "1779"]
[PlyCount "56"]
[EventDate "2017.11.10"]
[EventType "swiss"]
[EventRounds "6"]
[EventCountry "ARG"]
[SourceTitle "EXT 2019"]
[Source "ChessBase"]
[SourceDate "2018.10.10"]
[SourceVersion "1"]
[SourceVersionDate "2018.10.10"]
[SourceQuality "1"]

1. d4 d5 2. e3 Nf6 3. Bd3 e6 4. Nf3 Bd6 5. Nbd2 c5 6. c3 c4 7. Bc2 0-0 8. Ne5 Qc7 9. f4 Nc6 10. g4 Ne8 11. h4 f6 12. Nxc6 bxc6 13. g5 f5 14. b3 Qa5 15. b4 Qb6 16. h5 a5 17. bxa5 Qxa5 18. Nb1 Bd7 19. a4 Nc7 20. Ba3 Bxa3 21. Rxa3 Nb5 22. axb5 Qxb5 23. Ba4 Qb7 24. 0-0 Be8 25. Qe2 Qe7 26. Nd2 Qxa3 27. Bd1 Qxc3 28. Nf3 Bxh5 0-1

[Event "Entrerriano-ch"]
[Site "Argentina"]
[Date "2017.09.22"]
[Round "2"]
[White "Cicognini, Jose"]
[Black "Petrich, Pedro Bautista"]
[Result "0-1"]
[WhiteElo "1778"]
[BlackElo "1883"]
[PlyCount "138"]
[EventDate "2017.09.22"]
[EventType "swiss"]
[EventRounds "6"]
[EventCountry "ARG"]
[SourceTitle "CBM 180 Extra"]
[Source "ChessBase"]
[SourceDate "2017.10.06"]
[SourceVersion "1"]
[SourceVersionDate "2017.10.06"]
[SourceQuality "1"]

1. d4 c5 2. e3 cxd4 3. exd4 Nf6 4. Nf3 b6 5. Bd3 Bb7 6. 0-0 e6 7. Bf4 d6 8. h3 Be7 9. Nbd2 Nbd7 10. Re1 Rc8 11. c3 0-0 12. a4 Qc7 13. a5 Bc6 14. axb6 axb6 15. c4 Qb7 16. c5 bxc5 17. Ba6 Qb4 18. Bxc8 Rxc8 19. Be3 Qxb2 20. dxc5 Nxc5 21. Bxc5 dxc5 22. Nc4 Qb4 23. Nfe5 Bd5 24. Qc2 Qb7 25. Reb1 Qc7 26. Qb2 Be4 27. Re1 Rb8 28. Qd2 Rb4 29. f3 Bd5 30. Qc2 Nd7 31. Ra4 f6 32. Nxd7 Qxd7 33. Rxb4 cxb4 34. Kh1 Qb5 35. Ne3 Bb7 36. Qc7 Bf8 37. Qc4 Qb6 38. Qb3 Kf7 39. Rd1 Bc6 40. f4 g6 41. f5 gxf5 42. Nxf5 Qf2 43. Qg3 Bxg2+ 44. Qxg2 Qxf5 45. Rf1 Qd3 46. Qb7+ Be7 47. Rf3 Qd5 48. Qxd5 exd5 49. Kg2 Bd6 50. Kf2 Ke6 51. Ke2 Be5 52. Kd1 f5 53. Kc2 h5 54. Kb3 Bc3 55. Re3+ Kf6 56. Kc2 f4 57. Rf3 Kf5 58. Kd3 Be5 59. Rf2 b3 60. Rf1 b2 61. Kc2 Bf6 62. Rd1 Ke4 63. Re1+ Kf3 64. Rd1 d4 65. Kd3 Kg3 66. Ke4 f3 67. Rg1+ Kf2 68. Rb1 Kg2 69. Rxb2+ f2 0-1

[Event "Concordia Gral Jose de San Martin"]
[Site "Concordia"]
[Date "2017.08.21"]
[Round "5"]
[White "Cicognini, Jose"]
[Black "Saponara Caizzi, Jose Maria"]
[Result "1-0"]
[WhiteElo "1762"]
[BlackElo "1522"]
[PlyCount "83"]
[EventDate "2017.08.19"]
[EventType "swiss"]
[EventRounds "6"]
[EventCountry "ARG"]
[SourceTitle "EXT 2024"]
[Source "ChessBase"]
[SourceDate "2023.10.10"]
[SourceVersion "1"]
[SourceVersionDate "2023.10.10"]
[SourceQuality "1"]

1. d4 Nf6 2. Nf3 e6 3. Bf4 d5 4. c3 Nc6 5. e3 Be7 6. Nbd2 Nh5 7. Bg3 Nxg3 8. hxg3 Qd6 9. Qc2 g6 10. Bb5 Bd7 11. e4 Nb8 12. e5 Qb6 13. Bd3 c5 14. a4 Nc6 15. Bb5 a6 16. Bxc6 Bxc6 17. 0-0 a5 18. dxc5 Bxc5 19. Nb3 Be7 20. Nfd4 0-0 21. Kh2 Rfc8 22. f4 Bd7 23. g4 Qc7 24. Qd3 Qc4 25. Qh3 Qc7 26. Rh1 Kg7 27. Kg1 Rh8 28. Re1 Bxa4 29. f5 Bg5 30. fxe6 Qb6 31. exf7 Bxb3 32. Kh2 Bf4+ 33. g3 Bg5 34. e6 Ba4 35. Qg2 Rac8 36. Rhf1 Rc7 37. Qxd5 Rd8 38. Qe5+ Kf8 39. Qxg5 Qxb2+ 40. Re2 Qxc3 41. e7+ Rxe7 42. Qxe7+ 1-0

[Event "Concordia Gral Jose de San Martin"]
[Site "Concordia"]
[Date "2017.08.20"]
[Round "3"]
[White "Abdenur, Luciano"]
[Black "Cicognini, Jose"]
[Result "1-0"]
[WhiteElo "1921"]
[BlackElo "1762"]
[PlyCount "85"]
[EventDate "2017.08.19"]
[EventType "swiss"]
[EventRounds "6"]
[EventCountry "ARG"]
[SourceTitle "EXT 2024"]
[Source "ChessBase"]
[SourceDate "2023.10.10"]
[SourceVersion "1"]
[SourceVersionDate "2023.10.10"]
[SourceQuality "1"]

1. e4 e5 2. Nf3 Nc6 3. Bc4 Be7 4. d4 d6 5. Bd5 Nxd4 6. Nxd4 exd4 7. Qxd4 Nf6 8. Nc3 0-0 9. 0-0 Nxd5 10. Nxd5 Be6 11. Rd1 Bxd5 12. Qxd5 Qc8 13. a4 Bf6 14. Ra3 Re8 15. Rb3 c6 16. Qc4 d5 17. exd5 cxd5 18. Qxc8 Raxc8 19. c3 d4 20. Rxb7 dxc3 21. bxc3 a5 22. Be3 Bxc3 23. Rdd7 Bb4 24. h4 Rf8 25. h5 h6 26. Bd4 Rc6 27. Rb5 Rfc8 28. Rbb7 Rf8 29. Ra7 Bd6 30. g3 Bb4 31. Kg2 Rc2 32. Ra6 Rd2 33. Raa7 Ra2 34. Ra6 Rd2 35. Rc6 Re8 36. Kh3 Rf8 37. f4 Re8 38. f5 Rd1 39. f6 gxf6 40. Rxf6 Rxd4 41. Rxd4 Bc3 42. Rg4+ Kf8 43. Rxh6 1-0

[Event "Concordia Gral Jose de San Martin"]
[Site "Concordia"]
[Date "2017.08.19"]
[Round "1"]
[White "Bidegain, Jose"]
[Black "Cicognini, Jose"]
[Result "1-0"]
[WhiteElo "1571"]
[BlackElo "1762"]
[PlyCount "90"]
[EventDate "2017.08.19"]
[EventType "swiss"]
[EventRounds "6"]
[EventCountry "ARG"]
[SourceTitle "EXT 2024"]
[Source "ChessBase"]
[SourceDate "2023.10.10"]
[SourceVersion "1"]
[SourceVersionDate "2023.10.10"]
[SourceQuality "1"]

1. d4 d5 2. Nf3 Nf6 3. e3 e6 4. Bd3 Bd6 5. 0-0 0-0 6. Nbd2 c6 7. c3 b6 8. Qc2 h6 9. e4 dxe4 10. Nxe4 Be7 11. Re1 Nbd7 12. Nxf6+ Bxf6 13. Bd2 Bb7 14. Rad1 c5 15. Be4 Bxe4 16. Qxe4 cxd4 17. Nxd4 Nc5 18. Qg4 Kh7 19. Bc1 Qc8 20. Nf3 Rd8 21. Nd2 Qc6 22. Qf3 Qe8 23. Ne4 Nxe4 24. Qxe4+ g6 25. Qf3 Bg7 26. Rxd8 Rxd8 27. Rd1 f5 28. Qe2 e5 29. Rxd8 Qxd8 30. Qd2 Qe8 31. h3 e4 32. b4 Qc6 33. Qc2 Qxc3 34. Qxc3 Bxc3 35. b5 Be5 36. Ba3 Kg7 37. Kf1 Kf6 38. Ke2 Ke6 39. Bf8 h5 40. Kd2 Kd5 41. Kc2 Kc4 42. a4 Bd4 43. Bd6 Bxf2 44. Bb8 Kb4 45. Bxa7 Kxa4 1-0

[Event "Tack Memorial U2200"]
[Site "Gualeguaychu"]
[Date "2017.03.12"]
[Round "5"]
[White "Iregui, Victor"]
[Black "Cicognini, Jose"]
[Result "0-1"]
[WhiteElo "1928"]
[BlackElo "1733"]
[PlyCount "62"]
[EventDate "2017.03.11"]
[EventType "swiss"]
[EventRounds "5"]
[EventCountry "ARG"]
[SourceTitle "EXT 2024"]
[Source "ChessBase"]
[SourceDate "2023.10.10"]
[SourceVersion "1"]
[SourceVersionDate "2023.10.10"]
[SourceQuality "1"]

1. e4 c5 2. Nf3 Nc6 3. Bb5 d6 4. Bxc6+ bxc6 5. 0-0 e5 6. d3 Be7 7. h3 Bf6 8. c3 Ne7 9. Re1 g5 10. Nxg5 h6 11. Nxf7 Kxf7 12. Qh5+ Kg7 13. f4 Qe8 14. Qf3 Rf8 15. d4 cxd4 16. cxd4 exf4 17. e5 dxe5 18. dxe5 Bh4 19. Rd1 Nd5 20. Nc3 Be6 21. Kh1 Rd8 22. Ne4 Be7 23. b3 Qg6 24. Bb2 Ne3 25. Rg1 Qf5 26. g4 Qg6 27. Nc3 Rd3 28. g5 hxg5 29. Ne4 Bd5 30. Rxg5 Bxg5 31. Rg1 Bxe4 0-1

[Event "Tack Memorial U2200"]
[Site "Gualeguaychu"]
[Date "2017.03.11"]
[Round "2"]
[White "Cicognini, Jose"]
[Black "Landra, Augusto"]
[Result "0-1"]
[WhiteElo "1733"]
[BlackElo "1939"]
[PlyCount "63"]
[EventDate "2017.03.11"]
[EventType "swiss"]
[EventRounds "5"]
[EventCountry "ARG"]
[SourceTitle "EXT 2024"]
[Source "ChessBase"]
[SourceDate "2023.10.10"]
[SourceVersion "1"]
[SourceVersionDate "2023.10.10"]
[SourceQuality "1"]

1. d4 c5 2. c3 Nf6 3. Nf3 d5 4. g3 Nc6 5. Bg2 Bg4 6. 0-0 e6 7. Bg5 Be7 8. Ne5 Nxe5 9. dxe5 Nd7 10. Bxe7 Qxe7 11. f4 h5 12. h3 Bf5 13. Nd2 Rd8 14. e3 c4 15. Nf3 Nc5 16. Nd4 Bd3 17. Rf2 a6 18. Bf3 h4 19. g4 0-0 20. g5 g6 21. Rg2 Kg7 22. b4 cxb3 23. axb3 Be4 24. Rc1 Bxf3 25. Qxf3 Rc8 26. Qg4 Nd3 27. Ra1 Rxc3 28. Qxh4 Rh8 29. Qg4 Nc5 30. b4 Nb3 31. Rf1 Nxd4 32. exd4 0-1